Т. 3; Собрание сочинений: в 18 т.; Лорд Эджуэр скончался; Убийство в восточном экспрессе; Трагедия в трех актах

Λεπτομέρειες βιβλιογραφικής εγγραφής
Parent link:Собрание сочинений: в 18 т.: романы об Эркюле Пуаро: пер. с англ./ А. Кристи. Т. 3.— , 1991-
Γλώσσα:Ρωσικά
Έκδοση: 1992
TOC:Лорд Эджуэр скончался; Убийство в восточном экспрессе; Трагедия в трех актах;
Θέματα:
Μορφή: MixedMaterials Βιβλίο
KOHA link:https://koha.lib.tpu.ru/cgi-bin/koha/opac-detail.pl?biblionumber=96635

MARC

LEADER 00000nam2a2200000 4500
001 96635
005 20231031110626.0
035 |a (RuTPU)RU\TPU\book\103467 
035 |a RU\TPU\book\89600 
090 |a 96635 
100 |a 20060517d1992 m y0rusy50 ca 
101 1 |a rus  |c eng 
102 |a KG 
105 |a y z 000ay 
200 0 |a Т. 3 
210 |d 1992 
215 |a 522 с. 
461 1 |0 (RuTPU)RU\TPU\book\89595  |t Собрание сочинений: в 18 т.  |o романы об Эркюле Пуаро: пер. с англ.  |f А. Кристи  |v Т. 3  |d 1991- 
464 |t Лорд Эджуэр скончался; Убийство в восточном экспрессе; Трагедия в трех актах  |o романы 
610 1 |a английская литература 
610 1 |a романы 
610 1 |a детективы 
675 |a 82  |v 3 
801 1 |a RU  |b 63413507  |c 20051014  |g PSBO 
801 2 |a RU  |b 63413507  |c 20210316  |g PSBO 
942 |c BK